LIBRARY & INFORMATION CENTRE, KCAET, TAVANUR

ONLINE PUBLIC ACCESS CATALOGUE (OPAC)

Hygiene in food manufacturing and handling / (Record no. 760)

MARC details
000 -LEADER
fixed length control field 00439cam a2200169ua 4500
041 ## - LANGUAGE CODE
Language code of text/sound track or separate title eng
082 ## - DEWEY DECIMAL CLASSIFICATION NUMBER
Classification number 664.07
Item number BIN/HY
100 ## - MAIN ENTRY--AUTHOR NAME
Personal name Binsted, Raymond .
245 ## - TITLE STATEMENT
Title Hygiene in food manufacturing and handling /
250 ## - EDITION STATEMENT
Edition statement 1 /
260 ## - PUBLICATION, DISTRIBUTION, ETC. (IMPRINT)
Place of publication :
Name of publisher Food trade press ltd ,
Year of publication 1964.
300 ## - PHYSICAL DESCRIPTION
Number of Pages 148 ; .
700 1# - ADDED ENTRY--PERSONAL NAME
Personal name Grahamrack, Barry .
942 ## - ADDED ENTRY ELEMENTS (KOHA)
Koha item type Books
Holdings
Withdrawn status Lost status Damaged status Home library Current library Date acquired Full call number Accession Number Koha item type
      KAUAET KAUAET 07/04/2012 664.07 11513 Books
free website counter